High speed wireless ATM and LANs (Record no. 301223)
[ view plain ]
| 000 -LEADER | |
|---|---|
| fixed length control field | 00273 a2200121 4500 |
| 001 - CONTROL NUMBER | |
| control field | 66150 |
| 082 ## - DEWEY DECIMAL CLASSIFICATION NUMBER | |
| Classification number | 004.68BIN |
| 090 ## - LOCALLY ASSIGNED LC-TYPE CALL NUMBER (OCLC); LOCAL CALL NUMBER (RLIN) | |
| -- | 38444 |
| -- | 38444 |
| 100 ## - MAIN ENTRY--PERSONAL NAME | |
| Personal name | Bing, B |
| 245 ## - TITLE STATEMENT | |
| Title | High speed wireless ATM and LANs |
| 260 ## - PUBLICATION, DISTRIBUTION, ETC. | |
| Place of publication, distribution, etc. | London |
| Name of publisher, distributor, etc. | Artech House |
| Date of publication, distribution, etc. | 2000 |
| 300 ## - PHYSICAL DESCRIPTION | |
| Extent | 249 p |
| 942 ## - ADDED ENTRY ELEMENTS (KOHA) | |
| Institution code [OBSOLETE] | NUST-CAE |
| Call number prefix | 004.68BIN |
| Withdrawn status | Lost status | Damaged status | Not for loan | Collection code | Permanent Location | Current Location | Date acquired | Total Checkouts | Full call number | Barcode | Date last seen | Price effective from | Koha item type |
|---|---|---|---|---|---|---|---|---|---|---|---|---|---|
| College of Aeronautical Engineering (CAE) | College of Aeronautical Engineering (CAE) | 04/03/2017 | 004.68BIN | CAEN-439 | 04/05/2017 | 04/05/2017 | Book |
